000
00316nam a2200133Ia 4500
005
20251222141759.0
008
251222s9999||||xx |||||||||||||| ||spa||
020
_a
1-56496-387-X
082
_a
741.6/A46
100
_a
Altemus, Robert
245
0
_a
32 ND Publication Design Annual
264
_b
Rockport
942
_c
LIB
999
_c
6102
_d
6102